| 000 | 00422pab a2200169 454500 | ||
|---|---|---|---|
| 008 | 180718b2006 xxu||||| |||| 00| 0 eng d | ||
| 100 | _aSingh, S.P. | ||
| 245 | _aPromoting group entrepreneurship for rural industrialization | ||
| 260 | _c2006 | ||
| 300 | _ap.8-13. | ||
| 362 | _aMar | ||
| 650 | _aRural industry | ||
| 650 | _aEntrepreneurs | ||
| 650 | _aIndustrialization | ||
| 773 | _aKurukshetra | ||
| 909 | _a69107 | ||
| 999 |
_c69107 _d69107 |
||